00916 a2200193 450000100040000000500170000400800410002100300150006204000400007708000730011724500560019002000220024625000110026826400340027930000180031350502430033110000250057485601230059924620260407155416.0260407a2008 arg spa dAR-UNSa-BCEJYS aAR-UNSa-BCEJYSbspacAR-UNSa-BCEJYS a658.3xPersonal. Relaciones humanas en la empresa (Recursos Humanos)10aDesempeño por competenciaspevaluación de 360º a978-950-641-540-2 a2a. ed 1aBuenos Aires :bGranicac2008 a321 p.c23 cm a1. Evaluación de desempeño 2. Desempeño por competencias 3. Cómo analizar comportamientos 4. La frecuencia en los comportamientos 5. Evaluación de 360º 6. Evaluación de 180º 7. Entranamientos a evaluadores 8. Caso práctico1 aAlles, Martha Alicia41uhttps://biblioeco.unsa.edu.ar/pmb/images/libros/Desempe?o por Competencias2-l117533.jpgyImagen de portadaqimage/jpeg